| 000 | 00500nam a2200181 a 4500 | ||
|---|---|---|---|
| 005 | 20210219152951.0 | ||
| 008 | 991125n 000 0 u | ||
| 035 | _aUPN01000069599 | ||
| 222 | _aCOMUNICACION EDUCATIVA SEP | ||
| 245 | _aConvenio educativo entre CTM y la SEP | ||
| 300 | _a37 | ||
| 362 | _a1991 Año 8, no. 88-90 (feb.-abr.) | ||
| 653 | 0 | _aCONVENIOS EDUCATIVOS | |
| 653 | 0 | _aCONFEDERACION DE TRABAJADORES DE MEXICO | |
| 653 | 0 | _aSEP | |
| 904 |
_aAC _b007410 |
||
| 905 | _aArticulo | ||
| 999 |
_c65035 _d65035 |
||